Economics and technical change
Contents: Introduction; The Classical economists; Marx; The beginnings of production theory; Schumpeter; Microeconomic production theory
সংরক্ষণ করুন:
| প্রধান লেখক: | |
|---|---|
| বিন্যাস: | গ্রন্থ |
| ভাষা: | Undetermined |
| প্রকাশিত: |
London
Weidenfeld & Nicolson
1977
|
| বিষয়গুলি: | |
| ট্যাগগুলো: |
ট্যাগ যুক্ত করুন
কোনো ট্যাগ নেই, প্রথমজন হিসাবে ট্যাগ করুন!
|
| Thư viện lưu trữ: | Trung tâm Học liệu Trường Đại học Cần Thơ |
|---|
| LEADER | 00722nam a2200193Ia 4500 | ||
|---|---|---|---|
| 001 | CTU_98910 | ||
| 008 | 210402s9999 xx 000 0 und d | ||
| 082 | |a 338.001 | ||
| 082 | |b H447 | ||
| 100 | |a Heertje, Arnold | ||
| 245 | 0 | |a Economics and technical change | |
| 245 | 0 | |c Arnold Heertje | |
| 260 | |a London | ||
| 260 | |b Weidenfeld & Nicolson | ||
| 260 | |c 1977 | ||
| 520 | |a Contents: Introduction; The Classical economists; Marx; The beginnings of production theory; Schumpeter; Microeconomic production theory | ||
| 650 | |a Technological innovations,Economic development,Đổi mới công nghệ,Phát triển kinh tế | ||
| 904 | |i Năm | ||
| 980 | |a Trung tâm Học liệu Trường Đại học Cần Thơ | ||